000 003310000a22001570004500
001 000100
003 MACL
040 _aMACL
090 _c100
_d100
100 _aNarla, V.R.
245 _aVemana
_cV.R. Narla
260 _aSahitya Akademi,
_c1997
350 _a25
650 _aLiterature Phylosophy & Theory
942 _k802
_cBook
999 _c49407
_d49407